Normal view
MARC view
- Perruqueti, Wilfrid
Entry Personal Name
001 - CONTROL NUMBER
- control field: 124102
003 - CONTROL NUMBER IDENTIFIER
- control field: NUST
005 - DATE AND TIME OF LATEST TRANSACTION
- control field: 20240705172323.0
008 - FIXED-LENGTH DATA ELEMENTS
- fixed length control field: 240705|| aca||aabn | a|a d
040 ## - CATALOGING SOURCE
- Original cataloging agency: NUST
- Transcribing agency: NUST
100 ## - HEADING--PERSONAL NAME
- Personal name: Perruqueti, Wilfrid
670 ## - SOURCE DATA FOUND
- Source citation: Work cat.: (NUST): Perruqueti, Wilfrid, Sliding Mode Control In Engineering, 2002.
